| 000 | 00449nam a2200217Ia 4500 | ||
|---|---|---|---|
| 003 | IT-RoPAU | ||
| 005 | 20220918175248.0 | ||
| 008 | 120407s9999 xx 000 0 und d | ||
| 040 | _aIT-RoPAU | ||
| 040 | _cIT-RoPAU | ||
| 041 | _aita | ||
| 100 |
_aWilliam Shakespeare _935113 |
||
| 245 | _aMacbeth | ||
| 260 | _aEdizioni Paoline | ||
| 260 | _c1956 | ||
| 300 | _c cm | ||
| 490 | _aMaestri | ||
| 490 | _v6 | ||
| 942 |
_cBK _2ddc |
||
| 999 |
_c244 _d244 |
||